|
|
|
|
| LEADER |
00839nam a2200193 a 4500 |
| 001 |
00025164 |
| 008 |
120521s2010 miua 000 0 eng d |
| 020 |
|
|
|a 9780472033898
|
| 040 |
|
|
|a BD-DhAAL
|c BD-DhAAL
|
| 082 |
0 |
0 |
|a 808.0420711
|2 22
|
| 100 |
1 |
|
|a Grace,Canseco.
|
| 245 |
1 |
0 |
|a Inside academic writing :
|b understanding audience and becoming part of an academic community /
|c Grace Canseco
|
| 260 |
|
|
|a Ann Arbor :
|b University of Michigan Press,
|c c2010.
|
| 300 |
|
|
|a xvi, 184 p. :
|b ill. ;
|c 26 cm.
|
| 541 |
1 |
|
|e 00025164
|
| 650 |
|
0 |
|a English language
|x Rhetoric
|x Study and teaching (Higher)
|
| 650 |
|
0 |
|a Academic writing.
|
| 999 |
|
|
|c 12185
|d 12185
|
| 952 |
|
|
|0 0
|1 0
|4 0
|6 808_042071100000000_GRA
|7 0
|9 20219
|a BRACUL
|b BRACUL
|c GEN
|d 2012-05-21
|e The University of Michigan Press
|g 21.00
|l 6
|m 31
|o 808.0420711 GRA
|p 3010025164
|r 2022-08-23
|s 2022-07-28
|t 1
|w 2012-05-21
|y BK
|